Alambrado eléctrico /
Guardado en:
| Autor Principal: | |
|---|---|
| Formato: | Libro |
| Materias: | |
| Etiquetas: |
Agregar Etiqueta
Sin Etiquetas, Sea el primero en etiquetar este registro!
|
| LEADER | 00515nam a22001815a 4500 | ||
|---|---|---|---|
| 001 | CEM.cems016792 | ||
| 005 | 20131024174703.0 | ||
| 008 | 130507b######################000#0#####d | ||
| 003 | CEMS | ||
| 082 | 0 | 4 | |a 631.2 |
| 100 | 1 | |a Suárez Orozco, Alejandro D. | |
| 245 | 1 | 0 | |a Alambrado eléctrico / |c Alejandro D Suárez Orozco |
| 300 | |a 47 p. | ||
| 500 | |a Fotocopia | ||
| 653 | |a Alambrados | ||
| 653 | |a Alambrado eléctrico | ||
| 653 | |a Alambrado-construcción | ||
| 859 | |a CEMS |b BIB. CEMS - Agricultura |h 631.2 |i Su123 |p A18896.96 |t Ej.1 | ||
